Principles of turbomachinery

Guardado en:
Bibliografiske detaljer
Hovedforfatter: Shepherd, D. G
Format: Bog
Sprog:English
Udgivet: New York, New York : Macmillan, 1956.
Fag:
Tags: Tilføj Tag
Ingen Tags, Vær først til at tagge denne postø!

MARC

LEADER 00000nam a2200000Ia 4500
003 000275
005 20221231143945.0
008 140114s9999 nyua 000 ||eng d
040 |c cru CEDI 
082 |a 621.286 S548p 
100 |a Shepherd, D. G  |9 19522 
245 |a Principles of turbomachinery  
260 |a  New York, New York : Macmillan,   |c 1956. 
300 |a  ix, 463 páginas : ilustraciones ; 23 cm 
650 |x TURBOMAQUINAS  |9 19523 
942 |2 ddc  |c BK 
999 |c 14772  |d 14772